[Event "belive in your chess"]
[Site "SchemingMind.com"]
[Date "2007.11.19"]
[Round "-"]
[White "drunkenmaster"]
[Black "z"]
[Result "1/2-1/2"]
[WhiteCountry "PHI"]
[BlackCountry "IRQ"]
[WhiteElo "1967"]
[WhiteRD "77"]
[BlackElo "1832"]
[BlackRD "55"]
[GameID "129605"]

1. Nf3 f5 2. d4 Nf6 3. g3 b6 4. Bg2 Bb7 5. c4 e6 6. O-O Be7 7. Nc3 O-O 8. Ne1 Bxg2 9. Nxg2 Nc6 10. d5 Ne5
11. b3 a6 12. Nf4 Bb4 13. Qd4 Ng6 14. Nxg6 Bxc3 15. Qxc3 hxg6 16. dxe6 dxe6 17. Bb2 Qe7 18. Rad1 Rfe8 19. Rd3 e5 20. e3 e4
21. Rd2 Rad8 22. Rfd1 Rd7 23. Kf1 Red8 24. Rxd7 Rxd7 25. Rxd7 Qxd7 26. Qd4 Kf7 27. Ke2 c5 28. Qxd7+ Nxd7 29. a4 a5 30. Bc3 g5
31. h3 g6 32. Kf1 Nf6 33. Bxf6 Kxf6 34. Kg2 Ke5 35. Kh2 f4 36. g4 f3 37. Kg3 Ke6 38. Kh2= Ke5 39. Kg3 Ke6 40. Kh2 Ke5
41. Kg3 Kf6 42. Kh2 Ke5 43. Kg3 Kf6 44. Kh2 Ke5 45. Kg3 Kf6 46. Kh2 Ke5
1/2-1/2

[Event "belive in your chess"]
[Site "SchemingMind.com"]
[Date "2007.11.19"]
[Round "-"]
[White "z"]
[Black "drunkenmaster"]
[Result "0-1"]
[WhiteCountry "IRQ"]
[BlackCountry "PHI"]
[WhiteElo "1832"]
[WhiteRD "55"]
[BlackElo "1967"]
[BlackRD "77"]
[GameID "129606"]

1. f4 Nf6 2. Nc3 d5 3. e3 c5 4. Bb5+ Nc6 5. Nf3 Bg4 6. h3 Bxf3 7. Qxf3 Rc8 8. d3 e6 9. O-O a6 10. Bxc6+ Rxc6
11. g4 Be7 12. g5 Nd7 13. e4 d4 14. Ne2 Qc7 15. Ng3 g6 16. a4 Kd8 17. b3 Kc8 18. a5 h6 19. Kg2 hxg5 20. fxg5 Bd6
21. Bf4 Bxf4 22. Qxf4 Qxf4 23. Rxf4 Ne5 24. Nf1 Kd7 25. Nd2 Rh5 26. h4 Rc7 27. Kg3 Kc6 28. Nc4 Nxc4 29. bxc4 b5 30. axb6 Kxb6
31. e5 Rh8 32. Kg4 Ra7 33. Rff1 Rb8 34. Rfb1+ Kc7 35. Rb5 Rxb5 36. cxb5 a5 37. b6+ Kxb6 38. Rb1+ Kc6 39. h5 gxh5+ 40. Kxh5 a4
41. g6 fxg6+ 42. Kxg6 a3 43. Kf6 a2 44. Ra1 Kd5 45. c4+ dxc3
0-1

[Event "belive in your chess"]
[Site "SchemingMind.com"]
[Date "2007.11.22"]
[Round "-"]
[White "littleboo"]
[Black "z"]
[Result "1-0"]
[WhiteCountry "USA"]
[BlackCountry "IRQ"]
[WhiteElo "1920"]
[WhiteRD "88"]
[BlackElo "1788"]
[BlackRD "59"]
[GameID "130163"]

1. e4 e6 2. d4 d5 3. Nc3 dxe4 4. Nxe4 Bd7 5. Nf3 Bc6 6. Bd3 Nd7 7. O-O Ngf6 8. Qe2 Be7 9. Nxf6+ Nxf6 10. Ne5 O-O
11. Nxc6 bxc6 12. Rd1 Qb8 13. c4 Rd8 14. Be3 a5 15. Rac1 c5 16. dxc5 c6 17. Bc2 Qxb2 18. Rxd8+ Rxd8 19. Bxh7+
1-0

[Event "belive in your chess"]
[Site "SchemingMind.com"]
[Date "2007.11.23"]
[Round "-"]
[White "littleboo"]
[Black "drunkenmaster"]
[Result "0-1"]
[WhiteCountry "USA"]
[BlackCountry "PHI"]
[WhiteElo "1915"]
[WhiteRD "87"]
[BlackElo "1967"]
[BlackRD "77"]
[GameID "130164"]

1. e4 e6 2. d4 d5 3. Nc3 Bb4 4. a3 Bxc3+ 5. bxc3 Ne7 6. Bd3 c5 7. exd5 exd5 8. Nf3 c4 9. Be2 Nbc6 10. O-O O-O
11. Bg5 f6 12. Bf4 g5 13. Bd2 Bf5 14. h4 h6 15. hxg5 hxg5 16. Nh2 Ng6 17. Ng4 Kg7 18. Ne3 Be6 19. Bf3 Qd6 20. Rb1 b6
21. g3 Rh8 22. Rb5 Nce7 23. Bg2 Rad8 24. Re1 Rhe8 25. Qh5 Rh8 26. Qe2 Rhe8 27. Nxc4 dxc4 28. Qxe6 Qxa3 29. Qxc4 Qd6 30. Rb4 Nf5
31. Rbb1 Nxg3 32. fxg3 Qxg3 33. Qd3 Qd6 34. Qa6 Rh8 35. Qxa7+ Rd7 36. Qxb6 Qh2+ 37. Kf1 Nh4 38. d5 Qxg2#
0-1

[Event "belive in your chess"]
[Site "SchemingMind.com"]
[Date "2007.11.22"]
[Round "-"]
[White "z"]
[Black "littleboo"]
[Result "1-0"]
[WhiteCountry "IRQ"]
[BlackCountry "USA"]
[WhiteElo "1788"]
[WhiteRD "59"]
[BlackElo "1920"]
[BlackRD "88"]
[GameID "130165"]

1. c4 e5 2. Nc3 Nf6 3. d3 Nc6 4. g3 d5 5. cxd5 Nxd5 6. Bg2 Nxc3 7. bxc3 Bc5 8. Nf3 O-O 9. O-O Be6 10. e4 Qd7
11. Be3 Bxe3 12. fxe3 Rad8 13. d4 Bc4 14. Re1 Rfe8 15. Nd2 Ba6 16. Nb3 b6 17. a4 Ne7 18. a5 Bc4 19. axb6 cxb6 20. Qc2 a5
21. Reb1 Qc6 22. d5 Qg6 23. Rb2 Nxd5 24. exd5 Qxc2 25. Rxc2 Bxb3 26. Rb2 a4 27. e4 Rc8 28. Rc1 b5 29. Bh3 Rc5 30. Bd7 Rd8
31. Bg4 Rc4 32. Be2 Rxe4 33. Bxb5 Rb8 34. Bd3 Re3 35. Bb1 Rc8 36. c4 a3 37. Rd2 Rxc4 38. Rxc4 Bxc4 39. d6 Re1+ 40. Kf2 Rf1+
41. Kg2 Rxb1 42. d7
1-0

[Event "belive in your chess"]
[Site "SchemingMind.com"]
[Date "2007.11.23"]
[Round "-"]
[White "drunkenmaster"]
[Black "littleboo"]
[Result "0-1"]
[WhiteCountry "PHI"]
[BlackCountry "USA"]
[WhiteElo "1868"]
[WhiteRD "76"]
[BlackElo "1946"]
[BlackRD "88"]
[GameID "130166"]

1. Nf3 Nc6 2. e4 e5 3. Bc4 Nf6 4. d3 d5 5. exd5 Nxd5 6. O-O Be7 7. Re1 Qd6 8. Nbd2 O-O 9. Ne4 Qd8 10. Ng3 Bf6
11. h3 Be6 12. c3 a6 13. Nh5 Re8 14. Nxf6+ Nxf6 15. Bxe6 Rxe6 16. d4 e4 17. Nd2 b6 18. Nf1 h6 19. Bf4 Nd5 20. Bh2 Qg5
21. Qc1 Rae8 22. Qxg5 hxg5 23. c4 Ndb4 24. d5 Rh6 25. dxc6 Nc2 26. Ne3 Nxa1 27. Rxa1 Rxc6 28. Rd1 Kf8 29. Rd5 f6 30. g4 Kf7
31. Rd4 b5 32. b3 bxc4 33. Nxc4 Re7 34. Kf1 g6 35. Ke2 Kg7 36. Ke3 f5 37. Be5+ Kf7 38. Rd5 Ke6 39. Ra5 Rh7 40. gxf5+ gxf5
41. Ke2 Rxh3 42. Bb2 Rf3 43. Re5+ Kd7 44. Ba3 Rxc4 45. bxc4 Rxa3 46. Rxf5 Rxa2+ 47. Ke3 g4 48. Kxe4 a5 49. Kd4 a4= 50. Rf4 a3
51. Kc3 Re2 52. Rxg4 a2 53. Rg1 Rxf2 54. Ra1 Kd6 55. Kb4 Kc6 56. Kb3 Kc5 57. Kc3 Rf6 58. Kb3 Ra6 59. Kc3 Ra4 60. Kb3 Rb4+
61. Kxa2 Ra4+
0-1

[Event "belive in your chess"]
[Site "SchemingMind.com"]
[Date "2007.12.04"]
[Round "-"]
[White "badbishop"]
[Black "littleboo"]
[Result "1-0"]
[WhiteCountry "POL"]
[BlackCountry "USA"]
[WhiteElo "2264"]
[WhiteRD "71"]
[BlackElo "1918"]
[BlackRD "87"]
[GameID "130941"]

1. e4 e5 2. Nf3 Nc6 3. d4 exd4 4. Nxd4 Qh4 5. Nb5 Qxe4+ 6. Be2 Kd8 7. O-O Nf6 8. N1c3 Qe5 9. Re1 Qc5 10. Be3 Qf5
11. g4 Qe5 12. g5 Ne4 13. Nd5 Qxb2 14. Bd3 f5 15. Rb1 Qxa2 16. Nbxc7 Rb8 17. Bf4 Qa4 18. Bb5 Qa5 19. Bxc6 bxc6 20. Rxb8 cxd5
21. Nxd5 Bc5 22. Be3 Re8 23. c4 Bd6 24. Rb5 Qa6 25. Qd4 Be5 26. Qxa7 Qxa7 27. Bxa7 Ba6 28. Ra5 Bb7 29. Bb6+ Kc8 30. Be3 Nd6
31. Bf4 Bxf4 32. Rxe8+ Nxe8 33. Nxf4 Nd6 34. h4 Bc6 35. Nd5 Nxc4 36. Ne7+ Kc7 37. Nxc6 Kxc6 38. Rxf5 Nd6 39. Rf8 Kd5 40. Rh8 Ne4
41. Rxh7 g6 42. Rxd7+ Ke6 43. Ra7 Nd6 44. Ra6 Ke5 45. Kg2 Nf5 46. Kh3 Ne7= 47. Kg4 Kd5 48. f4 Nf5 49. Rxg6 Ne3+ 50. Kf3
1-0

[Event "belive in your chess"]
[Site "SchemingMind.com"]
[Date "2007.12.04"]
[Round "-"]
[White "badbishop"]
[Black "z"]
[Result "1-0"]
[WhiteCountry "POL"]
[BlackCountry "IRQ"]
[WhiteElo "2211"]
[WhiteRD "75"]
[BlackElo "1788"]
[BlackRD "59"]
[GameID "130942"]

1. e4 a6 2. d4 b5 3. Nf3 Bb7 4. Bd3 Nf6 5. e5 Nd5 6. Ng5 g6 7. Qf3 f5 8. Bxf5 d6 9. Be6 Nf6 10. Qxb7 Nbd7
11. Bf7#
1-0

[Event "belive in your chess"]
[Site "SchemingMind.com"]
[Date "2007.12.04"]
[Round "-"]
[White "badbishop"]
[Black "drunkenmaster"]
[Result "1-0"]
[WhiteCountry "POL"]
[BlackCountry "PHI"]
[WhiteElo "2246"]
[WhiteRD "70"]
[BlackElo "1967"]
[BlackRD "77"]
[GameID "130943"]

1. e4 e6 2. d4 d5 3. Nc3 Nf6 4. Bg5 dxe4 5. Nxe4 Be7 6. Bxf6 Bxf6 7. Nf3 Nd7 8. Qd2 O-O 9. O-O-O Be7 10. Bd3 b6
11. h4 Bb7 12. Rh3 c5 13. dxc5 Qc7 14. Rg3 Nxc5 15. Nxc5 Qxc5 16. Qh6 g6 17. h5 Bxf3 18. hxg6 fxg6 19. Rxg6+
1-0

[Event "belive in your chess"]
[Site "SchemingMind.com"]
[Date "2007.12.04"]
[Round "-"]
[White "littleboo"]
[Black "badbishop"]
[Result "0-1"]
[WhiteCountry "USA"]
[BlackCountry "POL"]
[WhiteElo "1867"]
[WhiteRD "86"]
[BlackElo "2286"]
[BlackRD "68"]
[GameID "130944"]

1. e4 c5 2. Nc3 Nc6 3. Nf3 d6 4. d4 cxd4 5. Nxd4 Nf6 6. Nxc6 bxc6 7. Bc4 Qa5 8. O-O g6 9. Bd2 Qb6 10. Rb1 Bg7
11. Be3 Qb4 12. Qd4 Qb8 13. b4 O-O 14. Qd2 Ng4 15. Bf4 Ne5 16. Be2 Be6 17. b5 Qc7 18. bxc6 Qxc6 19. Nd5 Bxd5 20. exd5 Qa4
21. Rb7 Rac8 22. c3 Nc4 23. Qd1 Qxa2 24. Rxe7 Bf6 25. Rb7 Rfe8 26. Bg4 Rb8 27. Rxb8 Rxb8 28. Qe2 Rb2 29. Qe8+ Kg7 30. Be6 Rb7
31. Bd7 Bxc3 32. Bb5 a6 33. Ba4 Rb1 34. Bd1 Bd4 35. Qe2 Rb2 36. Qe4 Bc5 37. Qf3 Ne5 38. Qh3 h5 39. Qg3 Ng4 40. Bxd6 Bxf2+
41. Rxf2 Rxf2 42. Bb4 Qb1 43. Qb3 Qxb3 44. Bxb3 f6 45. Bc3 Rf4 46. d6 Ne3 47. h3 Kf8 48. Kh2 h4 49. d7 Ke7 50. Bb2 Nf1+
51. Kg1 Ng3 52. Bc4 Rxc4 53. d8=Q+ Kxd8 54. Bxf6+ Kd7 55. Bg5 a5 56. Kh2 a4 57. Bxh4 Rxh4 58. Kxg3 Rb4 59. h4 a3 60. Kf2 a2
61. g3 a1=Q
0-1

[Event "belive in your chess"]
[Site "SchemingMind.com"]
[Date "2007.12.04"]
[Round "-"]
[White "z"]
[Black "badbishop"]
[Result "0-1"]
[WhiteCountry "IRQ"]
[BlackCountry "POL"]
[WhiteElo "1825"]
[WhiteRD "57"]
[BlackElo "2236"]
[BlackRD "69"]
[GameID "130945"]

1. b4 d5 2. Bb2 Nf6 3. e3 Bf5 4. c4 e6 5. a3 c6 6. Nf3 Nbd7 7. Be2 Bd6 8. Nc3 O-O 9. h3 Re8 10. d4 dxc4
11. Bxc4 e5 12. O-O Qc7 13. Qb3 Bg6 14. Rfd1 exd4 15. Nxd4 Nb6 16. Bd3 Bxd3 17. Rxd3 Rad8 18. Rad1 Be5 19. Nce2 Nbd5 20. f4 Bxd4
21. Bxd4 Ne4 22. g4 Qe7 23. g5 h6 24. gxh6 Qh4 25. Rf1 Qxh3 26. Bxg7 Qg4+ 27. Kh1 Qxe2 28. Qd1 Qxd1 29. Rdxd1 Ng3+ 30. Kg2 Nxf1
0-1

[Event "belive in your chess"]
[Site "SchemingMind.com"]
[Date "2007.12.04"]
[Round "-"]
[White "drunkenmaster"]
[Black "badbishop"]
[Result "0-1"]
[WhiteCountry "PHI"]
[BlackCountry "POL"]
[WhiteElo "1868"]
[WhiteRD "76"]
[BlackElo "2270"]
[BlackRD "73"]
[GameID "130946"]

1. Nf3 Nf6 2. c4 g6 3. Nc3 Bg7 4. e4 d6 5. d4 O-O 6. Be2 Nbd7 7. Be3 e5 8. d5 a5 9. Nd2 Ne8 10. a3 f5
11. f3 fxe4 12. Ndxe4 Bh6 13. Bf2 Nef6 14. b4 Nxe4 15. Nxe4 axb4 16. axb4 Rxa1 17. Qxa1 Nf6 18. Bd3 Nh5 19. O-O Nf4 20. Qc3 Bf5
21. Kh1 Qd7 22. Ra1 b5 23. Ra7 Nxd3 24. Qxd3 Bxe4 25. Qxe4 Rf4 26. Qe3 Rh4 27. Qb6 cxb6 28. Rxd7 Rxc4 29. g3 Bf8 30. Bxb6 Rxb4
31. Rb7 Rb1+ 32. Bg1 b4 33. Kg2 Rb2+ 34. Kh3 b3 35. Kg4 Rg2 36. Be3 b2
0-1

[Event "belive in your chess"]
[Site "SchemingMind.com"]
[Date "2007.12.01"]
[Round "-"]
[White "Chess_Man01"]
[Black "littleboo"]
[Result "1-0"]
[WhiteCountry "GBR"]
[BlackCountry "USA"]
[WhiteElo "2289"]
[WhiteRD "59"]
[BlackElo "1918"]
[BlackRD "87"]
[GameID "131145"]

1. e4 e5 2. Nf3 Nc6 3. c3 Nf6 4. d4 exd4 5. e5 Qe7 6. cxd4 d6 7. Bb5 Bd7 8. O-O dxe5 9. dxe5 Nxe5 10. Nxe5 Bxb5
11. Re1 Rd8 12. Bd2 Rd5 13. Nf3 Ne4 14. Nc3 Nxc3 15. Rxe7+ Bxe7 16. bxc3 O-O 17. Qb3 Bc6 18. Nd4 Bf6 19. Be3 Bxd4 20. Bxd4 Rg5
21. g3 a5 22. Be3 Re5 23. Re1 Rfe8 24. Qd1 Bb5 25. Bd2 Be2 26. Qc2 R8e6 27. Be3 Bf3 28. Qd2 Re8 29. Qd7 c5 30. Qb5 Ra8
31. c4 a4 32. Bd2 Bc6 33. Qb6 Rh5 34. Re7 Rc8 35. Be3 h6 36. Bxc5 Bf3 37. Bb4 Rf5 38. Bc3 Rfc5 39. Rd7 Bg4 40. Rd8+ Rxd8
41. Qxd8+ Kh7 42. Bxg7 Rc8 43. Qf6
1-0

[Event "belive in your chess"]
[Site "SchemingMind.com"]
[Date "2007.12.01"]
[Round "-"]
[White "Chess_Man01"]
[Black "z"]
[Result "1-0"]
[WhiteCountry "GBR"]
[BlackCountry "IRQ"]
[WhiteElo "2289"]
[WhiteRD "59"]
[BlackElo "1821"]
[BlackRD "56"]
[GameID "131146"]

1. e4 e6 2. d4 d5 3. Nd2 c5 4. exd5 Qxd5 5. Ngf3 cxd4 6. Bc4 Qd6 7. O-O Nf6 8. Nb3 Nc6 9. Nbxd4 Nxd4 10. Qxd4 Bd7
11. Qxd6 Bxd6 12. Be3 Ke7 13. Bg5 h6 14. Bxf6+ Kxf6 15. Rad1 Ke7 16. Rfe1 Rhd8 17. c3 a5 18. Bd5 Bc5 19. Be4 f6 20. Nd4 Rac8
21. Nb3 Bb6 22. Bxb7 Rb8 23. Bf3 a4 24. Nc1 Ba5 25. Nd3 a3 26. b4 Bb6 27. Nf4 Kf7 28. Bh5+ Kg8 29. Nxe6 Bxe6 30. Rxd8+ Rxd8
31. Rxe6 Bc7 32. Re8+ Rxe8 33. Bxe8 Kf8 34. Bg6 Ke7 35. c4 Kd6 36. h3 Ke5 37. Bc2 Bd6 38. b5 Kd4 39. Bb3 Bc5 40. Kf1 Kd3
41. g3 h5 42. h4 g5 43. g4 Ke4 44. gxh5 Kf5 45. Bc2+ Ke6 46. h6 Kf7 47. h7 Kg7 48. hxg5 fxg5 49. f3 Bd4 50. Ke2 Bb6
51. Be4 Bc5 52. Kd3 Kh8 53. Bf5 Kg7 54. Ke4 Bb6 55. Kd5
1-0

[Event "belive in your chess"]
[Site "SchemingMind.com"]
[Date "2007.12.05"]
[Round "-"]
[White "Chess_Man01"]
[Black "badbishop"]
[Result "1/2-1/2"]
[WhiteCountry "GBR"]
[BlackCountry "POL"]
[WhiteElo "2263"]
[WhiteRD "56"]
[BlackElo "2286"]
[BlackRD "68"]
[GameID "131147"]

1. e4 c5 2. Nf3 d6 3. d4 cxd4 4. Nxd4 Nf6 5. Nc3 Nc6 6. f3 e5 7. Ndb5 a6 8. Na3 b5 9. Nd5 Nxd5 10. exd5 Ne7
11. c4 bxc4 12. Bxc4 Nf5 13. O-O Be7 14. f4 O-O 15. Bd3 Qb6+ 16. Kh1 f6 17. Qc2 g6 18. Nc4 Qc5 19. Qc3 Bd7 20. b4 Qc7
21. Bb2 Rab8 22. a3 Rfc8 23. Qe1 Bf8 24. Rc1 Qa7 25. Rf3 Rc7 26. Nd2 Rxc1 27. Qxc1 a5 28. Ne4 Be7 29. Bc3 axb4 30. axb4 Nh4
31. fxe5 fxe5 32. Rf2 Rc8 33. Qd2 Bf5 34. Rf1 Qa3 35. Bb2 Qb3 36. Qe2 Qxb4 37. g3 Rf8 38. Rb1 Bxe4+ 39. Qxe4 Qxe4+ 40. Bxe4 Nf5
41. Bc1= Rc8 42. Kg2 Kf7 43. Bd2 Ra8 44. Rb2 Ra4 45. Kf3 h6 46. Rb7=
1/2-1/2

[Event "belive in your chess"]
[Site "SchemingMind.com"]
[Date "2007.12.05"]
[Round "-"]
[White "Chess_Man01"]
[Black "drunkenmaster"]
[Result "1-0"]
[WhiteCountry "GBR"]
[BlackCountry "PHI"]
[WhiteElo "2288"]
[WhiteRD "58"]
[BlackElo "1868"]
[BlackRD "76"]
[GameID "131148"]

1. e4 e6 2. d4 d5 3. Nd2 Nf6 4. e5 Nfd7 5. Bd3 c5 6. c3 b6 7. Ne2 Ba6 8. Bxa6 Nxa6 9. Nf3 Nc7 10. O-O c4
11. Bd2 b5 12. a4 a6 13. axb5 axb5 14. Rxa8 Qxa8 15. Ng3 h5 16. Bg5 Nb6 17. Qd2 b4 18. Bh4 Nd7 19. Qg5 g6 20. Ne2 Nb6
21. Qf6 Rg8 22. Qg5 Nb5 23. Rc1 Kd7 24. Rb1 Kc6 25. Qc1 bxc3 26. Nxc3 Bb4 27. Nxb5 Kxb5 28. b3 c3 29. Bg5 Qa2 30. Ne1 Qe2
31. Nc2
1-0

[Event "belive in your chess"]
[Site "SchemingMind.com"]
[Date "2007.12.01"]
[Round "-"]
[White "littleboo"]
[Black "Chess_Man01"]
[Result "0-1"]
[WhiteCountry "USA"]
[BlackCountry "GBR"]
[WhiteElo "1918"]
[WhiteRD "87"]
[BlackElo "2289"]
[BlackRD "59"]
[GameID "131149"]

1. e4 e6 2. Nc3 d5 3. d4 Bb4 4. a3 Bxc3+ 5. bxc3 Ne7 6. Bd3 Nd7 7. exd5 exd5 8. Nf3 O-O 9. O-O Ng6 10. c4 dxc4
11. Bxc4 Nb6 12. Bd3 Bg4 13. Be4 c6 14. Qd3 f5 15. Qb3+ Kh8 16. Bg5 Qd6 17. Bd3 Bxf3 18. gxf3 Nf4 19. Bxf4 Qxf4 20. Rae1 Rf6
21. Re6 Nd5 22. Qxb7 Rb8 23. Rb1 Rff8 24. Qxb8 Rxb8 25. Rxb8+ Qxb8 26. Rxc6 Qb1+ 27. Bf1 h6 28. c4 Nf4 29. Rc8+ Kh7 30. Re8 Qb6
31. Re5 Qxd4 32. Rxf5 Qd6 33. Rb5 Qxa3 34. c5 Qxf3 35. Rb4 Qg4+ 36. Kh1 Qd1 37. Kg1 Ne2+ 38. Kg2 Qd5+ 39. f3 Qxc5 40. Bxe2 Qxb4
0-1

[Event "belive in your chess"]
[Site "SchemingMind.com"]
[Date "2007.12.01"]
[Round "-"]
[White "z"]
[Black "Chess_Man01"]
[Result "0-1"]
[WhiteCountry "IRQ"]
[BlackCountry "GBR"]
[WhiteElo "1821"]
[WhiteRD "56"]
[BlackElo "2289"]
[BlackRD "59"]
[GameID "131150"]

1. b4 e5 2. Bb2 d6 3. e3 Nd7 4. c4 Ngf6 5. d4 Be7 6. Bd3 O-O 7. Ne2 c6 8. Nbc3 d5 9. c5 e4 10. Bc2 Re8
11. Qd2 b6 12. h3 b5 13. a4 bxa4 14. Bxa4 Nb8 15. b5 cxb5 16. Bxb5 Bd7 17. O-O Bxb5 18. Nxb5 Qd7 19. Nbc3 Nc6 20. Rfb1 Reb8
21. Na2 Bd8 22. Bc3 a5 23. Nac1 Rxb1 24. Rxb1 Bc7 25. Rb7 Bh2+ 26. Kxh2 Qxb7 27. Nb3 Qxb3 28. Nc1 Qb8+ 29. g3 a4 30. Na2 a3
31. Kg2 Qb1 32. g4 Qd3 33. g5 Nh5 34. f3 Qxd2+ 35. Bxd2 exf3+ 36. Kxf3 f6 37. Kg4 g6 38. h4 f5+ 39. Kf3 Rb8 40. Bc3 Rb3
41. Ke2 Ng3+ 42. Kd2 Ne4+ 43. Kc2 Rxc3+ 44. Nxc3 Nxc3 45. Kxc3 a2 46. Kb2 a1=Q+ 47. Kxa1 Kf7 48. Kb2 Ke6 49. Kb3 f4 50. exf4 Kf5
51. Ka4 Kxf4 52. Kb5 Nxd4+ 53. Kb6 Kg4 54. c6 Nxc6
0-1

[Event "belive in your chess"]
[Site "SchemingMind.com"]
[Date "2007.12.05"]
[Round "-"]
[White "badbishop"]
[Black "Chess_Man01"]
[Result "1/2-1/2"]
[WhiteCountry "POL"]
[BlackCountry "GBR"]
[WhiteElo "2271"]
[WhiteRD "65"]
[BlackElo "2283"]
[BlackRD "55"]
[GameID "131151"]

1. e4 e6 2. d4 d5 3. Nc3 Bb4 4. exd5 exd5 5. Bd3 Nf6 6. Bg5 O-O 7. Ne2 c6 8. O-O Bd6 9. Qd2 Na6 10. Ng3 Nc7
11. Nh5 Be7 12. Rae1 Ne6 13. Bxf6 Bxf6 14. Nxf6+ Qxf6 15. Ne2 Bd7 16. c3 Rae8 17. f4 Qh6 18. Bf5 Re7 19. Ng3 Rfe8= 20. Re5 g6
21. Bxe6 Rxe6 22. Qf2 Bc8= 23. Rfe1 Qh4 24. Nf1 Qxf2+ 25. Kxf2 f6 26. Rxe6 Rxe6 27. Rxe6 Bxe6 28. Ne3 h5 29. f5 gxf5 30. Kg3 Kf7
31. Kf4 Kg6 32. g3 b6 33. Ng2 c5 34. Nh4+ Kf7 35. Nxf5 c4 36. h4 a5= 37. Ne3 Ke7 38. g4 hxg4 39. Nxg4 Bf7= 40. Ne3 Ke6
41. Nf5 Bg6 42. Ng3 Bb1 43. a3 b5= 44. h5 Bh7 45. Kg4 Bc2 46. Kh4 Bd3= 47. Nh1 Bc2= 48. Nf2 Kf7 49. Kg4 Kg7 50. Kf4 Kf7
51. Ng4 Bb1 52. Ne3 Ke6 53. h6 Bh7= 54. Kg4 Bb1 55. Ng2 Be4= 56. Nf4+ Kf7 57. Kh4 a4 58. Kg4 Kg8= 59. Nh5 Kf7 60. Nf4 Kg8
61. Nh5=
1/2-1/2

[Event "belive in your chess"]
[Site "SchemingMind.com"]
[Date "2007.12.05"]
[Round "-"]
[White "drunkenmaster"]
[Black "Chess_Man01"]
[Result "0-1"]
[WhiteCountry "PHI"]
[BlackCountry "GBR"]
[WhiteElo "1969"]
[WhiteRD "79"]
[BlackElo "2289"]
[BlackRD "59"]
[GameID "131152"]

1. d4 Nf6 2. c4 e6 3. Nc3 Bb4 4. f3 d5 5. a3 Be7 6. e4 dxe4 7. fxe4 O-O 8. Nf3 c5 9. d5 exd5 10. exd5 Bd6
11. Be2 Bg4 12. O-O Nbd7 13. Bg5 Bxf3 14. Bxf3 Qc7 15. h3 Bf4 16. Bxf4 Qxf4 17. Qb3 Ne5 18. Ne2 Qxc4 19. Qxc4 Nxc4 20. Rfc1 Nd2
0-1

[Event "belive in your chess"]
[Site "SchemingMind.com"]
[Date "2007.12.02"]
[Round "-"]
[White "keen"]
[Black "littleboo"]
[Result "0-1"]
[WhiteCountry "SCO"]
[BlackCountry "USA"]
[WhiteElo "1783"]
[WhiteRD "64"]
[BlackElo "1920"]
[BlackRD "88"]
[GameID "131329"]

1. Nf3 d5 2. d4 Bf5 3. c4 Nf6 4. Nc3 dxc4 5. Bf4 Nbd7 6. e3 Nb6 7. Ne5 Nfd5 8. Nxd5 Qxd5 9. Bxc4 Nxc4 10. Qa4+ b5
11. Qa6 Bc8
0-1

[Event "belive in your chess"]
[Site "SchemingMind.com"]
[Date "2007.12.02"]
[Round "-"]
[White "keen"]
[Black "z"]
[Result "0-1"]
[WhiteCountry "SCO"]
[BlackCountry "IRQ"]
[WhiteElo "1783"]
[WhiteRD "64"]
[BlackElo "1788"]
[BlackRD "59"]
[GameID "131330"]

1. e4 a6 2. d4 b5 3. g3 Bb7 4. Bg2 f5 5. exf5 Bxg2 6. Qh5+ g6 7. fxg6 Bg7 8. gxh7+ Kf8 9. hxg8=Q+ Kxg8 10. Qg4 e6
11. Nf3 Bxh1 12. Ne5 Rxh2 13. Be3 Qf6 14. Nd2 d6 15. Ng6 Nc6 16. O-O-O Nxd4 17. Bxd4 Qxd4 18. Qxe6+ Kh7 19. c3 Qxf2 20. Nh4 Qxg3
21. Nf5 Qg6 22. Qd7 Rf8 23. Ne3 Rf7 24. Qe8 Bh6 25. Ng4 Bxd2+
0-1

[Event "belive in your chess"]
[Site "SchemingMind.com"]
[Date "2007.12.04"]
[Round "-"]
[White "keen"]
[Black "badbishop"]
[Result "0-1"]
[WhiteCountry "SCO"]
[BlackCountry "POL"]
[WhiteElo "1783"]
[WhiteRD "64"]
[BlackElo "2211"]
[BlackRD "75"]
[GameID "131331"]

1. Nf3 Nf6 2. g3 g6 3. Bg2 Bg7 4. O-O O-O 5. c4 d6 6. Nc3 c6 7. d4 Qa5 8. Bd2 Qh5 9. Re1 Bg4 10. e4 Nbd7
11. Re3 c5 12. Rd3 cxd4 13. Nd5 Nxd5 14. cxd5 Ne5 15. Bf4 Nxd3 16. Qxd3 Bxf3 17. Bxf3 Qh3 18. g4 f5 19. gxf5 gxf5 20. Qd2 Qxf3
0-1

[Event "belive in your chess"]
[Site "SchemingMind.com"]
[Date "2007.12.06"]
[Round "-"]
[White "keen"]
[Black "drunkenmaster"]
[Result "1/2-1/2"]
[WhiteCountry "SCO"]
[BlackCountry "PHI"]
[WhiteElo "1708"]
[WhiteRD "61"]
[BlackElo "1969"]
[BlackRD "79"]
[GameID "131332"]

1. Nf3 d6 2. e4 Nf6 3. Nc3 c5 4. d4 cxd4 5. Nxd4 Nc6 6. Bb5 Bd7 7. O-O g6 8. Bg5 Bg7 9. Re1 O-O 10. Nxc6 bxc6
11. Ba4 h6 12. Bh4 Qc7 13. Qd2 Kh7 14. Rad1 Rfd8 15. Bg3 Nh5 16. Qe3 Nxg3 17. Qxg3 Be6 18. b3 Rab8 19. Ne2 Rb4 20. Nf4 Bd7
21. Nd3 Rbb8 22. Nc5 Qb6 23. Nxd7 Rxd7 24. e5 Qc7 25. exd6 exd6 26. Qf3 d5 27. Re2 Rbd8 28. g3 Rd6 29. c4 d4 30. Qf4 c5
31. Re8 Rxe8 32. Bxe8 f5 33. Re1 Qd8 34. Bf7 Qf6 35. Bd5 h5 36. Qd2 Ra6 37. Re8 g5 38. Qe2 Kg6 39. Bf3 g4 40. Bd5 h4
41. Rc8 hxg3 42. hxg3 d3 43. Qe8+ Kg5 44. Qe3+ Kg6 45. Qxd3 Qa1+ 46. Kg2 Qd4 47. Qe2 Qe5 48. Qxe5 Bxe5 49. Rc6+ Rxc6 50. Bxc6 f4
51. gxf4 Bxf4 52. Bd5 Kg5 53. b4 cxb4 54. c5 a5 55. c6 Bc7 56. Bb3=
1/2-1/2

[Event "belive in your chess"]
[Site "SchemingMind.com"]
[Date "2007.12.01"]
[Round "-"]
[White "keen"]
[Black "Chess_Man01"]
[Result "0-1"]
[WhiteCountry "SCO"]
[BlackCountry "GBR"]
[WhiteElo "1766"]
[WhiteRD "67"]
[BlackElo "2169"]
[BlackRD "73"]
[GameID "131333"]

1. Nf3 Nf6 2. g3 b6 3. Bg2 Bb7 4. O-O e6 5. d3 Be7 6. b3 O-O 7. Bb2 c5 8. Nc3 d5 9. e3 Nbd7 10. Ne2 Qc7
11. a3 Rad8 12. Ra2 Bd6 13. Nc3 a6 14. Re1 e5 15. Ne2 e4 16. dxe4 dxe4 17. Ng5 h6 18. Nh3 Ne5 19. Qa1 Nf3+ 20. Bxf3 exf3
21. Nef4 Ne8 22. Nh5 Qc8 23. N3f4 Bxf4 24. Nxf4 g5
0-1

[Event "belive in your chess"]
[Site "SchemingMind.com"]
[Date "2007.12.02"]
[Round "-"]
[White "littleboo"]
[Black "keen"]
[Result "1/2-1/2"]
[WhiteCountry "USA"]
[BlackCountry "SCO"]
[WhiteElo "1915"]
[WhiteRD "87"]
[BlackElo "1759"]
[BlackRD "65"]
[GameID "131334"]

1. e4 c5 2. Nc3 Nc6 3. Nf3 e6 4. d4 cxd4 5. Nxd4 Nf6 6. Nxc6 bxc6 7. e5 Nd5 8. Nxd5 cxd5 9. Qd4 Qc7 10. Be3 Be7
11. Bd3 O-O 12. O-O d6 13. exd6 Bxd6 14. Qh4 g6 15. Rac1 Be5 16. Bd4 Re8 17. Bxe5 Qxe5 18. Bb5 Rf8 19. Qb4 Rb8 20. Rfe1 Qc7
21. c4 a6 22. cxd5 Qb6 23. a4 axb5 24. a5 Qa6 25. dxe6 Bxe6 26. Rcd1 Ra8 27. Ra1 Rfc8 28. Qd4 Rc4 29. Qd2 Rac8 30. b4 Rc2
31. Qf4 Rd8 32. Rad1 Rdc8 33. Ra1 Qa7 34. Qf6 R2c4 35. Rad1 Qc7 36. Rd4 Rc1 37. Re4 Rxe1+ 38. Rxe1 Qc4 39. Qb2 Qc3 40. Qxc3 Rxc3
41. Ra1 Bd5 42. Rb1 Be4 43. Rd1 Rb3 44. f3 Bf5 45. a6 Ra3 46. Rd6 Kg7 47. Rb6 Bc8 48. Rxb5 Bxa6 49. Ra5 Rxa5 50. bxa5 Kf6
51. Kf2 Ke5 52. Ke3 Kd5 53. Kf4 Kc5 54. Kg5 h5 55. g4 hxg4 56. fxg4= Kb4 57. h4=
1/2-1/2